000 00845nam a2200229 a 4500
001 000010998
005 20240412074222.0
008 091013s1992 dr 000 0 spa d
040 _aDO-SdBNP
_bspa
_cBNPHU
082 _aRD861.44
_bU72s
100 1 _aUrbáez, Aristófanes,
_d1952-
_926419
245 1 4 _aLas sombras del silencio /
_cAristófanes Urbáez.
260 _aSanto Domingo :
_bUniversitaria - UASD,
_c1992.
300 _a116 p. ;
_c21 cm.
490 1 _aPublicaciones de la Universidad Autónoma de Santo Domingo ;
_v672
590 _aInventariado, 2019/LP
650 0 _aPoesía dominicana
_966
650 0 _aLiteratura dominicana.
_967
710 1 _aUniversidad Autónoma de Santo Domingo
_972951
830 0 _aPublicaciones de la Universidad Autónoma de Santo Domingo ;
_n672
_926420
910 _aValidado. Control de calidad BNPHU
999 _c10736
_d10736